000 00825cad a22002055a 4500
001 L151330
008 101022s2010 xxk f 000 0 eng d
035 _a(Sirsi) u151330
041 0 _aeng
050 0 4 _a690.22 $2 18
110 2 _aUnited Kingdom
_bCabinet Office
_95270
245 0 0 _aCommon sense common safety
_h[electronic resource]
260 _aLondon
_bCO
_c2010
520 _aA report by Lord Young of Graffham to the Prime Minister following a Whitehall-wide review of the operation of health and safety laws and the growth of the compensation culture in the UK.
590 _aKA NTK
651 4 _aUnited Kingdom
_y
690 _aHealth and safety
_96244
856 4 0 _uhttps://www.number10.gov.uk/wp-content/uploads/402906_CommonSense_acc.pdf
_zView this item free of charge at www.number10.gov.uk
942 _n0
999 _c111296
_d111296